Statistics for Countries by First Two Letters by Borders in 60 Seconds

Click here to take the quiz!

General Stats

  • This quiz has been taken 2,570 times
  • The average score is 172 of 196

Answers on the Map

Answers color-coded by a green-red scale on the quiz's map according to % correct below.
 

Answer Stats

country% Correct
Afghanistan
100%
Algeria
100%
Argentina
100%
Austria
100%
Bolivia
100%
Brazil
100%
Canada
100%
Central African Republic
100%
China
100%
France
100%
Germany
100%
India
100%
Italy
100%
Kazakhstan
100%
Libya
100%
Malaysia
100%
Mali
100%
Mexico
100%
Mongolia
100%
Niger
100%
Peru
100%
Russia
100%
Saudi Arabia
100%
United States
100%
Albania
99%
Belarus
99%
Burkina Faso
99%
Cameroon
99%
Chad
99%
Colombia
99%
Cote d'Ivoire
99%
Dem Rep Congo
99%
Finland
99%
Greece
99%
Guinea
99%
Hungary
99%
Indonesia
99%
Iran
99%
Ireland
99%
Kosovo
99%
Kyrgyzstan
99%
Laos
99%
Macedonia
99%
Mauritania
99%
Morocco
99%
Mozambique
99%
Myanmar
99%
Nepal
99%
Nigeria
99%
North Korea
99%
Norway
99%
Oman
99%
Pakistan
99%
Paraguay
99%
Poland
99%
Serbia
99%
Slovakia
99%
South Africa
99%
South Sudan
99%
Spain
99%
Sudan
99%
Switzerland
99%
Tanzania
99%
Thailand
99%
Turkey
99%
Uganda
99%
Ukraine
99%
United Arab Emirates
99%
United Kingdom
99%
Venezuela
99%
Vietnam
99%
Zambia
99%
Angola
98%
Azerbaijan
98%
Brunei
98%
Bulgaria
98%
Chile
98%
Congo
98%
Czechia
98%
Guyana
98%
Liechtenstein
98%
Lithuania
98%
Namibia
98%
Senegal
98%
Slovenia
98%
Suriname
98%
Tajikistan
98%
Zimbabwe
98%
Armenia
97%
Bhutan
97%
Botswana
97%
Egypt
97%
Ethiopia
97%
Iraq
97%
Kenya
97%
Latvia
97%
Malawi
97%
Swaziland
97%
Sweden
97%
Turkmenistan
97%
Belgium
96%
Burundi
96%
Djibouti
96%
Georgia
96%
Romania
96%
Rwanda
96%
Somalia
96%
South Korea
96%
Syria
96%
Costa Rica
95%
Jordan
95%
Uruguay
95%
Australia
94%
Denmark
94%
Lesotho
94%
Madagascar
94%
Maldives
94%
Malta
94%
Marshall Islands
94%
Mauritius
94%
Montenegro
94%
Netherlands
94%
Papua New Guinea
94%
Portugal
94%
Gabon
93%
Solomon Islands
93%
Uzbekistan
93%
Yemen
93%
Estonia
92%
Nicaragua
92%
Panama
92%
Tunisia
92%
Benin
91%
Ecuador
91%
Ghana
91%
Liberia
91%
Bangladesh
90%
Cambodia
90%
Croatia
90%
Guatemala
90%
Kuwait
90%
Andorra
89%
Jamaica
89%
Japan
89%
Bosnia and
Herzegovina
88%
Belize
87%
Honduras
87%
Israel
86%
Togo
86%
Eritrea
83%
Moldova
83%
Equatorial Guinea
82%
Bahrain
81%
Luxembourg
80%
Sierra Leone
80%
Guinea-Bissau
79%
El Salvador
77%
Iceland
76%
San Marino
75%
Dominican Republic
73%
Haiti
73%
New Zealand
73%
Cuba
72%
Palau
72%
Philippines
72%
Qatar
70%
Timor-Leste
70%
Cabo Verde
68%
Comoros
68%
Gambia
68%
Saint Kitts and Nevis
68%
Saint Lucia
68%
Saint Vincent and the
Grenadines
68%
Samoa
66%
São Tomé and Príncipe
66%
Tuvalu
65%
Monaco
64%
Bahamas
61%
Barbados
61%
Seychelles
60%
Sri Lanka
59%
Taiwan
55%
Vatican City
51%
Lebanon
46%
Tonga
45%
Kiribati
40%
Fiji
39%
Micronesia
38%
Nauru
34%
Antigua and Barbuda
31%
Dominica
30%
Singapore
29%
Cyprus
28%
Grenada
28%
Vanuatu
28%
Trinidad and Tobago
18%

Score Distribution

Percentile by Number Answered

Percent of People with Each Score

Your Score History

You have not taken this quiz